000 00299 a2200157 4500
001 181469
020 _a
040 _cMagnum
100 _aMelo Jr., Evandro
240 1 0 _aFisica, 3
_lpor
245 1 0 _aFisica, 3
362 0 _a1899
440 1 _aLĂȘ
697 _aMAGNITO: GERAL
942 _cBK
999 _c181469
_d181469